Taboo : (Record no. 522793)
[ view plain ]
| 000 -LEADER | |
|---|---|
| fixed length control field | 01247cam a2200349 a 4500 |
| 001 - CONTROL NUMBER | |
| control field | 12661248 |
| 003 - CONTROL NUMBER IDENTIFIER | |
| control field | NUST |
| 005 - DATE AND TIME OF LATEST TRANSACTION | |
| control field | 20210210123630.0 |
| 008 - FIXED-LENGTH DATA ELEMENTS--GENERAL INFORMATION | |
| fixed length control field | 011017s2001 pk ab 001 0 eng |
| 010 ## - LIBRARY OF CONGRESS CONTROL NUMBER | |
| LC control number | 2001287288 |
| 025 ## - OVERSEAS ACQUISITION NUMBER | |
| Overseas acquisition number | P-E-2001287288; 13 |
| 035 ## - SYSTEM CONTROL NUMBER | |
| System control number | (DLC) 2001287288 |
| 038 ## - RECORD CONTENT LICENSOR | |
| Staff Name | Tanveer |
| 040 ## - CATALOGING SOURCE | |
| Original cataloging agency | DLC |
| Transcribing agency | DLC |
| Modifying agency | WaU |
| 042 ## - AUTHENTICATION CODE | |
| Authentication code | lcode |
| 043 ## - GEOGRAPHIC AREA CODE | |
| Geographic area code | a-pk--- |
| 050 00 - LIBRARY OF CONGRESS CALL NUMBER | |
| Classification number | HQ1745.5.Z9 |
| Item number | L337 2001 |
| 082 ## - DEWEY DECIMAL CLASSIFICATION NUMBER | |
| Classification number | 891.4393 |
| Author Mark | SAE |
| 100 1# - MAIN ENTRY--PERSONAL NAME | |
| Personal name | Saeed, Fouzia. |
| 9 (RLIN) | 13106 |
| 245 10 - TITLE STATEMENT | |
| Title | Taboo : |
| Remainder of title | the hidden culture of a red light area / |
| Statement of responsibility, etc. | Fouzia Saeed ; foreword by I.A. Rehman. |
| 260 ## - PUBLICATION, DISTRIBUTION, ETC. | |
| Place of publication, distribution, etc. | Karachi : |
| Name of publisher, distributor, etc. | Oxford University Press, |
| Date of publication, distribution, etc. | 2002. |
| 300 ## - PHYSICAL DESCRIPTION | |
| Extent | xxi, 324 p. : |
| Other physical details | ill. (some col.), map ; |
| Dimensions | 23 cm. |
| 504 ## - BIBLIOGRAPHY, ETC. NOTE | |
| Bibliography, etc. note | Includes bibliographical references (p. [315]-317) and index. |
| 650 #0 - SUBJECT ADDED ENTRY--TOPICAL TERM | |
| Topical term or geographic name entry element | Prostitutes |
| Geographic subdivision | Pakistan |
| -- | Lahore. |
| 9 (RLIN) | 7305 |
| 650 #0 - SUBJECT ADDED ENTRY--TOPICAL TERM | |
| Topical term or geographic name entry element | Prostitution |
| Geographic subdivision | Pakistan |
| -- | Lahore. |
| 9 (RLIN) | 7304 |
| 650 #0 - SUBJECT ADDED ENTRY--TOPICAL TERM | |
| Topical term or geographic name entry element | Women |
| Geographic subdivision | Pakistan |
| -- | Lahore |
| General subdivision | Social conditions. |
| 9 (RLIN) | 7303 |
| 651 #0 - SUBJECT ADDED ENTRY--GEOGRAPHIC NAME | |
| Geographic name | Shāhī Maḥallah (Lahore, Pakistan) |
| General subdivision | Social life and customs. |
| 9 (RLIN) | 13107 |
| 651 #0 - SUBJECT ADDED ENTRY--GEOGRAPHIC NAME | |
| Geographic name | Lahore (Pakistan) |
| General subdivision | Social life and customs. |
| 9 (RLIN) | 3877 |
| 906 ## - LOCAL DATA ELEMENT F, LDF (RLIN) | |
| a | 7 |
| b | cbc |
| c | origode |
| d | 3 |
| e | ncip |
| f | 20 |
| g | y-gencatlg |
| 942 ## - ADDED ENTRY ELEMENTS (KOHA) | |
| Source of classification or shelving scheme | |
| Koha item type | Book |
| Withdrawn status | Lost status | Source of classification or shelving scheme | Damaged status | Not for loan | Permanent Location | Current Location | Date acquired | Total Checkouts | Total Renewals | Full call number | Barcode | Date last seen | Date last checked out | Price effective from | Koha item type |
|---|---|---|---|---|---|---|---|---|---|---|---|---|---|---|---|
| Central Library (CL) | Central Library (CL) | 01/22/2019 | 2 | 2 | 305.4095491 SAE | NIT-7119 | 02/03/2026 | 01/01/2026 | 01/22/2019 | Book |
